1827 2000 1677 1625 1414 1750 1447 1105 1929 1789 1913 1693 1295 1684 1361 1872 1248 1986 1082 1906 1811 1375 1222 1254 1152 1771 1609 1508 1533 1514 1307 1081 1258 1480 1677 1837 1041 1745 1693 1414 1040 1912 1647 1554 1610 1074 1454 1473 1223 1052 1339 1388 1100 1644 1131 1639 1242 1822 1970 1069 1444 1498 1300 1610 1925 1423 1551 1645 1944 1445 1347 1247 1635 1479 1446 1184 1692 1788 1653 1515 1059 1842 1750 1261 1777 1769 1790 1713 1085 1028 1740 1421 1896 1424 1606 1126 1878 1275 1456 BCNSPRNW ULIB Ver.6.0+V

เปลี่ยนเป็นภาษาไทย

Change to English
 แสดงรายละเอียดบรรณานุกรม
  กลับหน้าหลัก

Brief Record : Get Marc (ISO 2709) : E-mail record : QR code < ปิดหน้าต่าง
LEADER : 00000nam 2200000uu 4500
001    13399127103
003     ULIB
008    191010s2562||||th 000 0 tha d
020    ^a9786160444489
060    ^aWS103^bH-ก
100    ^aHYUNKYUNGO
245    ^aก๊อก ก๊อก เพนกวินหาบ้าน ชุดนิทานวิทยาศาสตร์พัฒนาทักษะสมอง EF (เรียนรู้เรื่องบ้านและที่อยู่อาศัยของมนุษย์)
250    ^aพิมพ์ครั้งที่ 1
260    ^aกรุงเทพฯ :^bนานมีบุ๊คส์คิดดี้,^c2562
300    ^a27 หน้า;^b21 ซม.
650    ^aเด็ก^xการเรียนการสอน
945    ^p98^l0^i006291
999    ^aประนอม เกษจรัล
รายการนี้ยังไม่มีแท็ก
คุณยังไม่ได้ล็อกอิน คุณสามารถมีกิจกรรมร่วมกับเว็บไซต์ได้ แต่ต้องล็อกอินก่อน ::
  ล็อกอิน

รายการสื่อสารสนเทศ

ลำดับที่ ประเภท เลขเรียก/บาร์โค้ด สถานที่ สถานะ
1. วิทยาศาสตร์การแพทย์ และสุขภาพ
วิทยาศาสตร์การแพทย์ และสุขภาพ
WS103 H-ก ฉ.1 
  Barcode: 006291
ห้องสมุดวิทยาเขตสวรรค์ประชารักษ์
►หนังสือทั่วไป
ถูกยืม กำหนดส่งวันที่ 25 เมษายน 2568
  จอง

BibComment


ยังไม่เคยถูกคอมเมนท์

คอมเมนท์ทรัพยากรรายการนี้
  คอมเมนท์: ก๊อก ก๊อก เพนกวิ..


 Copyright 2026. Bcnsprnw @Library